Nhân tố đột phá = The difference maker

שמור ב:
מידע ביבליוגרפי
מחבר ראשי: Maxwell, John C.
פורמט: ספר
שפה:Undetermined
יצא לאור: Hà Nội Lao động - Xã hội 2008
נושאים:
תגים: הוספת תג
אין תגיות, היה/י הראשונ/ה לתייג את הרשומה!
Thư viện lưu trữ: Trung tâm Học liệu Trường Đại học Cần Thơ
LEADER 00647nam a2200205Ia 4500
001 CTU_157709
008 210402s9999 xx 000 0 und d
020 |c 39000 
082 |a 650.1 
082 |b M465 
100 |a Maxwell, John C. 
245 0 |a Nhân tố đột phá = 
245 4 |b The difference maker 
245 0 |c John C. Maxwell; Vân Anh (nhóm BK dịch 
260 |a Hà Nội 
260 |b Lao động - Xã hội 
260 |c 2008 
650 |a Attitude (Psychology),Success,Tâm lý hành vi,Thành công trong kinh doanh 
910 |a Nguyên 
980 |a Trung tâm Học liệu Trường Đại học Cần Thơ